Leo Tolstoy (Record no. 68133)
[ view plain ]
| 000 -LEADER | |
|---|---|
| fixed length control field | 01153nam a2200313Ia 4500 |
| 245 00 - TITLE STATEMENT | |
| Title | Leo Tolstoy |
| 250 ## - EDITION STATEMENT | |
| Edition statement | Rev. ed. |
| 260 ## - PUBLICATION, DISTRIBUTION, ETC. (IMPRINT) | |
| Place of publication | London ; |
| -- | New York : |
| Name of publisher | Routledge, |
| Year of publication | 1978. |
| 300 ## - PHYSICAL DESCRIPTION | |
| Number of Pages | xvii, 457 p. |
| 490 1# - SERIES STATEMENT | |
| Series statement | The critical heritage series |
| 650 #0 - SUBJECT ADDED ENTRY--TOPICAL TERM | |
| Topical Term | Russian literature. |
| 700 1# - ADDED ENTRY--PERSONAL NAME | |
| Personal name | Knowles, A. V. |
| 856 40 - ELECTRONIC LOCATION AND ACCESS | |
| Uniform Resource Identifier | http://site.ebrary.com/lib/rucke/Doc?id=10058090 |
No items available.
